The United States and Japan in 1993 : Impact of domestic change

Saved in:
Bibliographic Details
Format: Book
Language:Undetermined
Published: Washington The Nitze School of Advanced International Studies of The Johns Hopkins University, International University of Jpan 1993
Subjects:
Tags: Add Tag
No Tags, Be the first to tag this record!
Institutions: Trung tâm Học liệu Trường Đại học Cần Thơ
LEADER 00623nam a2200181Ia 4500
001 CTU_108325
008 210402s9999 xx 000 0 und d
082 |a 327.73952 
082 |b U58/1993 
245 4 |a The United States and Japan in 1993 : 
245 0 |b Impact of domestic change 
260 |a Washington 
260 |b The Nitze School of Advanced International Studies of The Johns Hopkins University, International University of Jpan 
260 |c 1993 
650 |a Japan,United states 
650 |x Foreign relations,Foreign relations 
904 |i Năm 
980 |a Trung tâm Học liệu Trường Đại học Cần Thơ